name all of the disney princesses - Statistics

General Stats
  • This quiz has been taken 1,111 times
  • The average score is 12 of 15
Answer Stats
Hint Answer % Correct
she lives in the water ariel
98%
she loves books belle
96%
she was a maid cinderella
96%
she ate a poisoned apple snow white
96%
she has snow powers elsa
95%
she has a tiger for a pet jasmine
95%
she made herself look like a boy mulan
94%
she needs a hair cut rapunzel
94%
she was asleep for 100 years aurora
91%
she was a frog tiana
91%
she was a indan pocahontas
84%
shes always happy anna
75%
she wants her freedom merida
67%
she was on peter pan tiger lily
23%
she wanted to live in the water melody
20%
No matching quizzes found
Score Distribution
Percent of People with Each Score
Percentile by Number Answered
Your Score History
You have not taken this quiz